Histoire de l'Océanie : De la fin du XVIIIe siècle à nos jours (notice n° 2198721)

détails MARC
000 -LEADER
fixed length control field 01176cam a2200133 4500500
005 - DATE AND TIME OF LATEST TRANSACTION
control field 20260405085600.0
041 ## - LANGUAGE CODE
Language code of text/sound track or separate title fre
042 ## - AUTHENTICATION CODE
Authentication code dc
100 10 - MAIN ENTRY--PERSONAL NAME
Personal name Mohamed-Gaillard, Sarah
Relator term author
245 00 - TITLE STATEMENT
Title Histoire de l'Océanie : De la fin du XVIIIe siècle à nos jours
260 ## - PUBLICATION, DISTRIBUTION, ETC.
Name of publisher, distributor, etc. Armand Colin,<br/>
Date of publication, distribution, etc. 2015.<br/>
520 ## - SUMMARY, ETC.
Summary, etc. L’Océanie se limite souvent dans l’imaginaire occidental à un bout du monde réduit à quelques clichés plus ou moins paradisiaques. Cet espace océanique, composé de milliers d’îles dispersées au cur de l’océan Pacifique, présente pourtant de nombreuses diversités et complexités. Des premières approches des îles par les navigateurs européens aux enjeux contemporains dont elles sont investies, cet ouvrage se veut une porte d’entrée à l’histoire riche de l’Océanie. Bousculant l’idée d’une région en marge du monde, l’histoire des archipels, bien que souvent méconnue, souligne leurs connections aux dynamiques mondiales et appelle à décentrer le regard pour envisager le monde depuis les îles.
856 41 - ELECTRONIC LOCATION AND ACCESS
Uniform Resource Identifier <a href="https://shs.cairn.info/histoire-de-l-oceanie--9782200601300?lang=fr&redirect-ssocas=7080">https://shs.cairn.info/histoire-de-l-oceanie--9782200601300?lang=fr&redirect-ssocas=7080</a>

Pas d'exemplaire disponible.

PLUDOC

PLUDOC est la plateforme unique et centralisée de gestion des bibliothèques physiques et numériques de Guinée administré par le CEDUST. Elle est la plus grande base de données de ressources documentaires pour les Étudiants, Enseignants chercheurs et Chercheurs de Guinée.

Adresse

627 919 101/664 919 101

25 boulevard du commerce
Kaloum, Conakry, Guinée

Réseaux sociaux

Powered by Netsen Group @ 2025